00536nam a2200181 a 450000100100000000500170001000800410002702000150006804000250008308200200010810000140012824500410014226000350018330000280021850000640024665000210031065000230033100004204520201002035914.0131111s2005 dr a r 000 p spa d z9993432037 aDO-SdBNPbspacBNPHU aPe861.44bD828e1 aDuche, G.10aEsculpir la dura piedra /cG. Duche. aSanto Domingo :bArgos,c2005. a148 p. :bil. ;c23 cm. aLa biblioteca posee 3 ejemplares autografiados por el autor 4aPoesía peruana 4aLiteratura peruana